LEADER 00834nam0-2200313---450- 001 990008807780403321 005 20090319114329.0 010 $a2-13-039382-9 035 $a000880778 035 $aFED01000880778 035 $a(Aleph)000880778FED01 035 $a000880778 100 $a20090217d1986----km-y0itay50------ba 101 0 $afre 102 $aFR 105 $ay-------001yy 200 1 $a<>volonté$fClaude-M. Prévost 210 $aParis$cPresses Universitaires de France$d1986 215 $a127 p.$d18 cm 225 1 $aQue sais-je?$v353 676 $a153.8$v21$zita 700 1$aPrévost,$bClaude-M.$0504797 801 0$aIT$bUNINA$gRICA$2UNIMARC 901 $aBK 912 $a990008807780403321 952 $aCollezioni 82 (353)$b51927*$fFGBC 959 $aFGBC 996 $aVolonté$9808078 997 $aUNINA LEADER 01345nam0-2200409---450 001 990005690730203316 005 20210820123837.0 035 $a000569073 035 $aUSA01000569073 035 $a(ALEPH)000569073USA01 035 $a000569073 100 $a20060307d1977----|||y0itaa50------ba 101 $aita 102 $ait 105 $a0 00||| 200 1 $a<> Re Sole$fLouis de Rouvroy de Saint-Simon$ga cura di Jean-Michel Gardair$g[trad. dal francese di Adalberto Cremonese] 210 $aMilano$cGarzanti$d1977 215 $aXX, 204 p.$d18 cm 225 2 $a<> grandi libri$v205 300 $aTrad. da: Memoires. 410 0$12001$a<> grandi libri$v205 454 $1001SA0017147$12001$aMemoires. 51.-59.$fLouis de Rouvroy de Saint-Simon.$920576 676 $a944.025 700 1$aSaint-Simon,$bClaude Henri : de$0126206 702 1$aGARDAIR,$bJean Michel 702 1$aCREMONESE,$bAdalberto 801 0$aIT$bSA$c20111219 912 $a990005690730203316 950 0$aDipar.to di Filosofia - Salerno$dDFFDC SAI$e7647 FIL 951 $aXV.18.A. 1138 (FDC SAI)$b7647 FIL$cXV.18.A$d481754 959 $aBK 969 $aFDECI 979 $c20121027$lUSA01$h1526 979 $c20121027$lUSA01$h1615 979 $aCHIARA$b90$c20141121$lUSA01$h1120 996 $aMemoires. 51.-59$920576 997 $aUNISA